| 000 | 00846nam a22002297a 4500 | ||
|---|---|---|---|
| 999 |
_c2924 _d2924 |
||
| 003 | AR-CdUCM | ||
| 008 | 190305b ||||| |||| 00| 0 spa d | ||
| 040 |
_aMUNICIPALIDAD PROVINCIAL DEL CUSCO _cBIBLIOTECA MUNICIPAL DEL CUSCO |
||
| 082 |
_a625.10092 _bL83 |
||
| 100 |
_aLópez Soria, José Ignacio _910041 |
||
| 245 | _aMalinowski el ingeniero de ferrocarriles / | ||
| 260 |
_aPerú : _bBiblioteca Nacional del Perú, _c1999. |
||
| 300 |
_a61 Páginas ; _bFotografías, _c20 cm. |
||
| 505 | _aContenido: Infancia y juventud en Polonia -- Llegada al Perú -- Diseñando ferrocarriles -- Puentes y canales -- En defensa de intereses peruanos... | ||
| 650 |
_aFerrocarriles _910042 |
||
| 650 |
_aIngenieria _910043 |
||
| 650 |
_aPolonia _99922 |
||
| 650 |
_aPuentes _910044 |
||
| 650 |
_aCanales _910045 |
||
| 942 |
_2ddc _cLIBROS |
||
| 945 | _adavv | ||